|
|
|
|
| LEADER |
00000naa2a2200000 4500 |
| 001 |
620936 |
| 005 |
20240123134926.0 |
| 035 |
|
|
|a (RuTPU)RU\TPU\conf\19469
|
| 035 |
|
|
|a RU\TPU\conf\19468
|
| 090 |
|
|
|a 620936
|
| 100 |
|
|
|a 20161021d2016 k y0rusy50 ca
|
| 101 |
0 |
|
|a rus
|
| 102 |
|
|
|a RU
|
| 105 |
|
|
|a y z 101zy
|
| 135 |
|
|
|a drcn ---uucaa
|
| 181 |
|
0 |
|a i
|
| 182 |
|
0 |
|a b
|
| 200 |
1 |
|
|a Разработка и исследование итеративного параллельного алгоритма формирования скрытых функционально-детерминированных структур для классификации и анализа метеорологических данных
|f В. А. Сорокин, Д. С. Рохмистров, И. А. Ботыгин
|g науч. рук. И. А. Ботыгин
|
| 203 |
|
|
|a Текст
|c электронный
|
| 225 |
1 |
|
|a Информационно-телекоммуникационные технологии. Информационная безопасность
|
| 300 |
|
|
|a Заглавие с титульного экрана
|
| 320 |
|
|
|a [Библиогр.: с. 183 (4 назв.)]
|
| 330 |
|
|
|a An algorithm of allocation structures in the initial geophysical field, allowing for the spatial characteristics of the test decompose space into regions with a similar behavior of the studied parameters. The algorithm is based on the structuring of the various expansions (season, anomaly, and so on. D.) Geophysical fields, and provides a variety of information about the object as a parameter set selected structures.
|
| 463 |
|
1 |
|0 (RuTPU)RU\TPU\conf\12653
|t Технологии Microsoft в теории и практике программирования
|o сборник трудов XIII Всероссийской научно-практической конференции студентов, аспирантов и молодых ученых, г.Томск, 22-23 марта 2016 г.
|f Национальный исследовательский Томский политехнический университет (ТПУ), Институт кибернетики ; ред. кол. А. В. Лиепиньш [и др.]
|v [С. 181-183]
|d 2016
|
| 610 |
1 |
|
|a труды учёных ТПУ
|
| 610 |
1 |
|
|a электронные ресурсы
|
| 610 |
1 |
|
|a кластерный анализ
|
| 610 |
1 |
|
|a параллельные вычисления
|
| 610 |
1 |
|
|a метеорологические данные
|
| 610 |
1 |
|
|a корреляции
|
| 610 |
1 |
|
|a параллельные вычисления
|
| 700 |
|
1 |
|a Сорокин
|b В. А.
|
| 701 |
|
1 |
|a Рохмистров
|b Д. С.
|
| 701 |
|
1 |
|a Ботыгин
|b И. А.
|c специалист в области информатики и вычислительной техники
|c доцент Томского политехнического университета, кандидат технических наук
|f 1947-
|g Игорь Александрович
|3 (RuTPU)RU\TPU\pers\25190
|9 11270
|
| 702 |
|
1 |
|a Ботыгин
|b И. А.
|c специалист в области информатики и вычислительной техники
|c доцент Томского политехнического университета, кандидат технических наук
|f 1947-
|g Игорь Александрович
|4 727
|
| 712 |
0 |
2 |
|a Национальный исследовательский Томский политехнический университет (ТПУ)
|b Институт кибернетики (ИК)
|b Кафедра информатики и проектирования систем (ИПС)
|3 (RuTPU)RU\TPU\col\18697
|
| 801 |
|
2 |
|a RU
|b 63413507
|c 20161028
|g RCR
|
| 856 |
4 |
|
|u http://earchive.tpu.ru/handle/11683/33270
|
| 942 |
|
|
|c BK
|